| 000 -CABECERA |
| fixed length control field |
00930nam a22002417a 4500 |
| 003 - IDENTIFICADOR DEL NÚMERO DE CONTROL |
| control field |
AR-CdUCM |
| 008 - DATOS DE LONGITUD FIJA--INFORMACIÓN GENERAL |
| fixed length control field |
190514b ||||| |||| 00| 0 spa d |
| 040 ## - FUENTE DE LA CATALOGACIÓN |
| Agencia/entidad que catalogó originalmente la obra |
MUNICIPALIDAD PROVINCIAL DEL CUSCO |
| Entidad que transcribió la catalogación |
BIBLIOTECA MUNICIPAL DEL CUSCO |
| 082 ## - NÚMERO DE LA CLASIFICACIÓN DECIMAL DEWEY |
| No. de Clasificación |
364.12 / |
| Notacion interna |
P77 |
| 100 ## - ENTRADA PRINCIPAL--NOMBRE DE PERSONA |
| Nombre Personal |
Poole, Lynn |
| 245 ## - MENCIÓN DE TÍTULO |
| Título |
La ciencia es el mejor detective / |
| 260 ## - PUBLICACIÓN, DISTRIBUCIÓN, ETC. |
| Lugar de publicación, distribución, etc. |
Barcelona : |
| Nombre de la editorial, distribuidor, etc. |
Ramón Sopena, |
| Fecha de publicación, distribución, etc. |
1960. |
| 300 ## - DESCRIPCIÓN FÍSICA |
| Nº de Páginas Extensión |
198 páginas ; |
| Otros detalles físicos |
ilustraciones, |
| Dimensiones |
21 cm. |
| 505 ## - NOTA DE CONTENIDO CON FORMATO |
| Nota de contenido formateada |
Contenido: La ciencia en lucha contra el crimen -- La clave en un tubo de ensayo -- Responda sí o no -- Líneas del crimen -- Revelando secretos -- La caja fuerte vacía ... |
| 650 ## - PUNTO DE ACCESO ADICIONAL DE MATERIA--TÉRMINO DE MATERIA |
| Descriptor |
Criminalística |
| 9 (RLIN) |
31854 |
| 650 ## - PUNTO DE ACCESO ADICIONAL DE MATERIA--TÉRMINO DE MATERIA |
| Descriptor |
Investigación criminal |
| 9 (RLIN) |
39362 |
| 650 ## - PUNTO DE ACCESO ADICIONAL DE MATERIA--TÉRMINO DE MATERIA |
| Descriptor |
Ciencia |
| 9 (RLIN) |
2098 |
| 700 ## - PUNTO DE ACCESO ADICIONAL--NOMBRE DE PERSONA |
| Nombre Personal |
Postigo, Luis (traducción) |
| 9 (RLIN) |
39363 |
| 700 ## - PUNTO DE ACCESO ADICIONAL--NOMBRE DE PERSONA |
| Nombre Personal |
Geary, Clifford N. (ilustraciones) |
| 9 (RLIN) |
21059 |
| 942 ## - ELEMENTOS DE PUNTO DE ACCESO ADICIONAL (KOHA) |
| Fuente de clasificación |
|
| Tipo de item |
Libros-BMC |
| 945 ## - PROCESAMIENTO DE INFORMACIÓN LOCAL (OCLC) |
| Catalogador |
achl |
| AAAA-MM-DD - Fecha de ingreso o modificacion |
2019-05-14 |